[Event "49th Biel Juniors Rapid"]
[Site "Biel SUI"]
[Date "2016.07.24"]
[Round "1.1"]
[White "Bok, Benjamin"]
[Black "Georgiadis, Nico"]
[Result "1/2-1/2"]
[WhiteTitle "GM"]
[BlackTitle "IM"]
[WhiteElo "2613"]
[BlackElo "2470"]
[WhiteFideId "1017063"]
[BlackFideId "1300113"]
[EventDate "2016.07.24"]

1. e4 e5 2. Nf3 Nc6 3. Bc4 Bc5 4. O-O Nf6 5. d3 O-O 6. c3 d5 7. exd5 Nxd5 8. a4
Nb6 9. Bb5 Ne7 10. a5 c6 11. axb6 cxb5 12. Rxa7 Rxa7 13. bxa7 Bxa7 14. Nxe5 Bb8
15. d4 Nd5 16. Nd2 f6 17. Nef3 Bf5 18. Re1 Re8 19. Nf1 Bg6 20. Ng3 Qd7 21. Rxe8+
Qxe8 22. Bd2 Qd7 23. Qa1 Bxg3 24. hxg3 h6 25. Qf1 Qc6 26. Qe2 Bf7 27. Nh4 Qe8
28. Qxe8+ Bxe8 29. Kf1 Bd7 30. f3 g5 31. Ke2 gxh4 32. gxh4 Kg7 33. g4 f5 34. g5
hxg5 35. Bxg5 f4 36. Kd2 Bf5 37. b3 Kg6 38. c4 bxc4 39. bxc4 Ne3 40. Kc3 Ng2 41.
d5 Bd7 42. Kd4 Kf5 43. Kc5 Ne3 44. Kd6 Be8 45. Ke7 Ba4 46. d6 Nxc4 47. d7 Ne5
48. d8=Q Nc6+ 49. Kd6 Nxd8 50. Bxd8 Bc6 51. h5 Bxf3 52. h6 Kg6 53. Bg5 Bc6 54.
Bxf4 1/2-1/2

[Event "49th Biel Juniors Rapid"]
[Site "Biel SUI"]
[Date "2016.07.24"]
[Round "1.2"]
[White "Rambaldi, Francesco"]
[Black "Studer, Noel"]
[Result "1-0"]
[WhiteTitle "GM"]
[BlackTitle "IM"]
[WhiteElo "2544"]
[BlackElo "2462"]
[WhiteFideId "20657307"]
[BlackFideId "1319620"]
[EventDate "2016.07.24"]

1. d4 e6 2. Nf3 Nf6 3. Bf4 d5 4. e3 Bd6 5. Bg3 O-O 6. Nbd2 c5 7. c3 Qc7 8. Bd3
Nbd7 9. Bxd6 Qxd6 10. O-O e5 11. e4 exd4 12. cxd4 cxd4 13. Re1 Nc5 14. e5 Qb6
15. Qc2 Nxd3 16. Qxd3 Ne4 17. Nxe4 Bf5 18. Qxd4 Bxe4 19. Qxb6 axb6 20. Nd2 Bg6
21. a3 Rfc8 22. Rac1 Rc6 23. Nb3 Rac8 24. f3 Kf8 25. Kf2 Ke7 26. Ke3 Rc4 27.
Rxc4 Rxc4 28. Nd4 Kd7 29. Rd1 Ke7 30. g4 f6 31. exf6+ Kxf6 32. h4 h6 33. Ne2 Bf7
34. Rd4 Ke5 35. f4+ Kd6 36. Rxc4 dxc4 37. Kd4 b5 38. f5 Be8 39. Nf4 Bf7 40. g5
hxg5 41. hxg5 Be8 42. g6 b6 43. Nh5 Bd7 44. Nxg7 Bc8 45. f6 Bg4 46. Ne8+ Kd7 47.
f7 Ke7 48. Nf6 Be6 49. Nh7 Bxf7 50. gxf7 Kxf7 51. Ng5+ Ke7 52. Ne4 Kd7 53. Kc3
Kc6 54. Kb4 Kd5 1-0

[Event "49th Biel Juniors Rapid"]
[Site "Biel SUI"]
[Date "2016.07.24"]
[Round "2.1"]
[White "Georgiadis, Nico"]
[Black "Bok, Benjamin"]
[Result "1/2-1/2"]
[WhiteTitle "IM"]
[BlackTitle "GM"]
[WhiteElo "2470"]
[BlackElo "2613"]
[WhiteFideId "1300113"]
[BlackFideId "1017063"]
[EventDate "2016.07.24"]

1. d4 Nf6 2. Bf4 b6 3. c4 Bb7 4. Nc3 e6 5. a3 d5 6. e3 Bd6 7. Bxd6 cxd6 8. Nf3
O-O 9. cxd5 Nxd5 10. Nxd5 Bxd5 11. Bd3 Nd7 12. O-O Nf6 13. Nd2 Rc8 14. e4 Bb7
15. Qe2 e5 16. d5 Qe7 17. Rac1 g6 18. Nc4 Nh5 19. g3 Ng7 20. f3 f5 21. Kg2 f4
22. g4 h5 23. h3 Rc5 24. Nd2 Rfc8 25. Nb3 Rxc1 26. Rxc1 Rxc1 27. Nxc1 Ne8 28.
Qf2 hxg4 29. hxg4 Nf6 30. Nb3 Kg7 31. Nc1 Nh7 32. Ne2 Nf8 33. Nc3 g5 34. Qc2 Ng6
35. Nb5 a6 36. Nc7 b5 37. Ne6+ Kf6 38. Qc7 Qxc7 39. Nxc7 Bc8 40. Ne8+ Ke7 41.
Ng7 Kf7 42. Nf5 Bxf5 43. gxf5 Nf8 44. b4 Nd7 45. a4 bxa4 46. Bxa6 Nb6 47. Bd3 a3
48. Bb1 Na4 49. Ba2 Nc3 50. Bb3 Ke7 51. Kh3 a2 52. Bxa2 Nxa2 53. b5 Nb4 54. b6
Na6 55. b7 Nb8 56. Kg4 Kf6 57. Kh5 Nd7 58. Kg4 Nb8 59. Kh5 Na6 60. Kg4 Nb8 61.
Kh5 Nd7 62. Kg4 Nb8 1/2-1/2

[Event "49th Biel Juniors Rapid"]
[Site "Biel SUI"]
[Date "2016.07.24"]
[Round "2.2"]
[White "Studer, Noel"]
[Black "Rambaldi, Francesco"]
[Result "1-0"]
[WhiteTitle "IM"]
[BlackTitle "GM"]
[WhiteElo "2462"]
[BlackElo "2544"]
[WhiteFideId "1319620"]
[BlackFideId "20657307"]
[EventDate "2016.07.24"]

1. d4 Nf6 2. c4 e6 3. g3 d5 4. Nf3 Bb4+ 5. Bd2 Be7 6. Bg2 O-O 7. O-O Nbd7 8. Qc2
Ne4 9. Bf4 c6 10. Nc3 g5 11. Bc1 f5 12. e3 b6 13. b3 Bb7 14. Bb2 Qe8 15. Ne1 Nd6
16. Nd3 Bf6 17. Ne2 Rc8 18. Rad1 Be7 19. Rfe1 Qh5 20. Ne5 Nxe5 21. dxe5 Nf7 22.
h3 Rfd8 23. Nd4 Qh6 24. f4 Re8 25. Rf1 Bc5 26. Qe2 Bxd4 27. Bxd4 gxf4 28. exf4
Qg6 29. Kh2 Re7 30. c5 b5 31. a4 Ba6 32. Rg1 Kh8 33. Bf1 h5 34. Qd2 Nh6 35. Qa5
Bb7 36. axb5 cxb5 37. Bxb5 Bc6 38. Ba6 Rg8 39. Be2 Rb7 40. b4 Rgb8 41. Bc3 d4
42. Rxd4 Ng4+ 43. Bxg4 fxg4 44. Qa2 Bd5 45. Qf2 Rf7 46. Rxd5 exd5 47. e6+ Rg7
48. f5 Qg5 49. f6 Rg6 50. h4 Qh6 51. f7+ Kh7 52. e7 1-0

[Event "49th Biel Juniors Rapid"]
[Site "Biel SUI"]
[Date "2016.07.24"]
[Round "3.1"]
[White "Bok, Benjamin"]
[Black "Georgiadis, Nico"]
[Result "1-0"]
[WhiteTitle "GM"]
[BlackTitle "IM"]
[WhiteElo "2613"]
[BlackElo "2470"]
[WhiteFideId "1017063"]
[BlackFideId "1300113"]
[EventDate "2016.07.24"]

1. d4 f5 2. g3 Nf6 3. Bg2 g6 4. Nf3 Bg7 5. O-O O-O 6. c4 d6 7. Nc3 Qe8 8. Re1
Qf7 9. b3 Ne4 10. Bb2 Nd7 11. Qc2 Ndf6 12. Nxe4 Nxe4 13. e3 c6 14. Rad1 Be6 15.
Nd2 d5 16. cxd5 cxd5 17. Nf3 Rac8 18. Qd3 Qe8 19. Rc1 Qd7 20. Ba3 g5 21. Ne5
Bxe5 22. dxe5 g4 23. Qd4 a6 24. h3 h5 25. hxg4 hxg4 26. Bxe4 fxe4 27. Kg2 Kf7
28. Rh1 Kg6 29. Qb4 Rxc1 30. Rxc1 Kf7 31. Rh1 Bf5 32. Rh5 Bg6 33. Rg5 Rh8 34.
Qxe7+ Qxe7 35. Bxe7 Rh5 36. e6+ Kg7 37. Rxg4 Re5 38. Bf8+ Kxf8 39. Rxg6 b5 40.
g4 Ke7 41. Kg3 d4 42. exd4 Rd5 43. Kf4 Rxd4 44. Ke5 Rd2 45. Rg7+ Ke8 46. Rf7 1-0

[Event "49th Biel Juniors Rapid"]
[Site "Biel SUI"]
[Date "2016.07.24"]
[Round "3.2"]
[White "Rambaldi, Francesco"]
[Black "Studer, Noel"]
[Result "1/2-1/2"]
[WhiteTitle "GM"]
[BlackTitle "IM"]
[WhiteElo "2544"]
[BlackElo "2462"]
[WhiteFideId "20657307"]
[BlackFideId "1319620"]
[EventDate "2016.07.24"]

1. b3 d5 2. Bb2 Bg4 3. f3 Bf5 4. e3 Nd7 5. Nc3 c6 6. d4 Qa5 7. Qd2 Bg6 8. Nge2
e6 9. Nf4 Bd6 10. h4 h5 11. Nxg6 fxg6 12. Bd3 Ne7 13. Ne2 Qxd2+ 14. Kxd2 O-O 15.
Rae1 e5 16. dxe5 Nxe5 17. Bxe5 Bxe5 18. Reg1 Bc7 19. f4 Rae8 20. g4 Bb6 21. Rh3
hxg4 22. Rxg4 Rf6 23. Rhg3 Kf8 24. Nd4 Bxd4 25. exd4 Kf7 26. h5 gxh5 27. Rxg7+
Ke6 28. Re3+ Kd6 29. Bg6 Ref8 30. Rexe7 Rxg6 31. Rxb7 Rxg7 32. Rxg7 Rxf4 33.
Rxa7 Rxd4+ 34. Kc3 Rg4 35. Rh7 h4 36. a4 Kc5 37. Kb2 Kb6 38. Ka3 Rg2 39. c3 Rg3
40. Rxh4 Rxc3 41. Kb4 Re3 42. a5+ Ka6 43. Rh8 d4 44. Ra8+ Kb7 45. Rd8 Re5 46.
Ka4 Re4 47. b4 Kc7 48. Rh8 d3 49. Kb3 Rd4 50. Rh1 d2 51. Rd1 c5 52. bxc5 Kc6 53.
a6 Kxc5 54. a7 Rd8 55. Rxd2 Ra8 56. Rd7 Kb6 57. Kb4 Rxa7 58. Rxa7 Kxa7 1/2-1/2

[Event "49th Biel Juniors Rapid"]
[Site "Biel SUI"]
[Date "2016.07.24"]
[Round "4.1"]
[White "Georgiadis, Nico"]
[Black "Bok, Benjamin"]
[Result "1/2-1/2"]
[WhiteTitle "IM"]
[BlackTitle "GM"]
[WhiteElo "2470"]
[BlackElo "2613"]
[WhiteFideId "1300113"]
[BlackFideId "1017063"]
[EventDate "2016.07.24"]

1. d4 Nf6 2. Bf4 b6 3. c4 Bb7 4. Nc3 e6 5. a3 d5 6. e3 Bd6 7. Bg5 dxc4 8. Nf3
O-O 9. Bxc4 Nbd7 10. O-O h6 11. Bh4 Qe7 12. Rc1 Rfd8 13. Qe2 Nf8 14. Ne5 c5 15.
Rfd1 cxd4 16. exd4 Rac8 17. Ba2 N8h7 18. Bb1 Ba8 19. Ne4 Rxc1 20. Rxc1 Qb7 21.
f3 Be7 22. Nc6 Re8 23. Nxe7+ Qxe7 24. Qd3 Bxe4 25. fxe4 e5 26. Bg3 exd4 27. e5
Nf8 28. exf6 Qxf6 29. Rf1 Qc6 30. Ba2 Ne6 31. Bxe6 Rxe6 32. Qxd4 Qc2 33. h3 Re2
34. Qd5 Qg6 35. Kh2 Rxb2 36. Qd8+ Kh7 37. Qd7 Rb3 38. Qd6 Qxd6 39. Bxd6 Rd3 40.
Be7 Kg6 41. Rf3 Rd7 42. Bb4 f6 43. Kg3 Kf7 44. Re3 g5 45. Kf3 Kg6 46. Bc3 Rd6
47. g4 h5 48. Ke2 hxg4 49. hxg4 f5 50. gxf5+ Kxf5 51. Re7 Re6+ 52. Rxe6 Kxe6 53.
Kf3 Kd5 54. Kg4 Kc4 55. Bf6 Kb3 56. Be7 a5 57. Kxg5 b5 58. Kf4 b4 59. axb4 axb4
60. Bxb4 1/2-1/2

[Event "49th Biel Juniors Rapid"]
[Site "Biel SUI"]
[Date "2016.07.24"]
[Round "4.2"]
[White "Studer, Noel"]
[Black "Rambaldi, Francesco"]
[Result "1/2-1/2"]
[WhiteTitle "IM"]
[BlackTitle "GM"]
[WhiteElo "2462"]
[BlackElo "2544"]
[WhiteFideId "1319620"]
[BlackFideId "20657307"]
[EventDate "2016.07.24"]

1. d4 e6 2. c4 Bb4+ 3. Bd2 Bxd2+ 4. Qxd2 Nf6 5. Nc3 d5 6. e3 O-O 7. Nf3 Qe7 8.
Be2 Rd8 9. O-O dxc4 10. Bxc4 c5 11. Qe2 Nc6 12. Rfd1 cxd4 13. Nxd4 Bd7 14. Nf3
Na5 15. Bd3 e5 16. Ng5 Bc6 17. Nge4 Nxe4 18. Bxe4 Bxe4 19. Nxe4 a6 20. Nc3 Qe6
21. Qf3 Nc6 22. Qe4 Rac8 23. h3 g6 24. Qh4 f5 25. Na4 e4 26. Nb6 Rb8 27. b3 Ne7
28. Nc4 b5 29. Na5 Nd5 30. Rd4 Ne7 31. Rad1 Rxd4 32. Rxd4 Qe5 33. Qf4 Qxf4 34.
exf4 Rc8 35. Rd6 Rc1+ 36. Kh2 Rc2 37. Kg3 Rxa2 38. b4 Ra3+ 39. Kh4 h6 40. Nc6
Nxc6 41. Rxg6+ Kh7 42. Rxc6 Ra4 43. Kh5 Rxb4 44. Rxh6+ Kg7 45. Rxa6 Rb2 46. Kg5
Rxf2 47. g4 fxg4 48. hxg4 e3 49. Re6 e2 50. f5 Kf7 51. Kh4 b4 52. Kg3 Rf1 53.
Rxe2 b3 54. Rb2 Kf6 55. Rxb3 Kg5 56. Rf3 Rg1+ 57. Kf2 Rh1 58. f6 Rh8 59. f7 Rf8
60. Kg3 Kg6 61. Kh4 Rh8+ 62. Kg3 Rf8 63. Rf5 Rxf7 64. Ra5 Rb7 65. Kh4 Rb6 66.
Ra7 Rc6 67. Rd7 Ra6 68. Re7 Rb6 69. Kg3 Rb3+ 70. Kf4 Rb4+ 71. Kg3 Rb3+ 72. Kh4
Rb6 73. Re5 Ra6 74. Rg5+ Kh6 75. Rf5 Kg6 76. Rg5+ Kh6 77. Rg8 Kh7 78. Rf8 Kg7
79. Rf3 Kg6 80. Kg3 Rb6 81. Re3 Ra6 82. Re4 Ra3+ 83. Kf4 Ra6 84. g5 Rb6 85. Kg4
Ra6 86. Rf4 Rb6 87. Rf6+ Rxf6 88. gxf6 1/2-1/2